000 01184nam0a22003131 4500
001 rc\4507947
005 20130416174613.9
021 _aRU
_b[67-73351]
035 _a(NLR Aleph) 008617251
090 _a8800575
_c8800575
100 _a20130416d1967 |||y0rusy50 ca
101 0 _arus
102 _aRU
105 _ay z |||||
200 1 _aКак повысить эффективность труда в сельском хозяйстве
_fПод ред. кандидатов экон. наук С.И. Губаревича, М.Г. Муталимова
210 _aМинск
_cУрожай
_d1967
215 _a160 с.
_d20
300 _aАвт. глав: И.Д. Чашинский, М.И. Горячко, Н.П. Трубилко и др.
606 _aСельское хозяйство
_xИнтенсификация
_yБССР
_2psbo
701 1 _aТрубилко
_bН. П.
701 1 _aЧашинский
_bИ. Д.
701 1 _aГорячко
_bМ. И.
702 1 _aМуталимов
_bМ. Г.
_4340
702 1 _aГубаревич
_bС. И.
_4340
801 0 _aRU
_bNLR
_gpsbo
801 1 _aRU
_bELAR
_2rusmarc
852 _aNLR
_j67-3/5109
942 _cBOOK
980 _aNB